00928nam a2200253 a 450000500170000000800410001704000250005804100080008304400070009109000140009810000420011224501200015426000310027430000100030565000250031565000510034065000290039165000240042070000390044494200150048394500150049899900150051395201460052820151112135250.0140314b1998 ck ||||| |||| 00| 0 spa d aCO-BoIAVHcCO-BoIAVH aspa ack aLBb03880 aGonzález L. de G., Francisco914572 aElementos para la consideración de la dimensión ético-política en la valoración y uso de la biodiversidad aBogotábFondo FENc1998? a98 p. aProductividad941424 aBiodiversidad Genética y Ecosistemica941425 aValor Biológico941426 aEco Politica941427 aGalindo Caballero, Mauricio914575 cINFORME2z d2004-10-13 c4201d4201 00102z40708GENERALIINV2017aBogotabBogotad2004-10-13l0oLB-03880p016814r2012-12-04 00:00:00tEj. 1w2012-12-04xDonaciónyINFORME